000 01006nam a2200289 i 4500
001 bg
100 1 _aWALDENFELS, Bernhard
_d(1934- )
245 1 0 _aTopografia obcego :
_bstudia z fenomenologii obcego /
_cBernhard Waldenfels ; przeł. Janusz Sidorek.
246 _iTyt. oryg.:
_aTopographie des Fremden, Studien zur Phënomenologie des Fremden
260 _aWarszawa :
_bOficyna Naukowa,
_c2002.
300 _a258 s. ;
_c20 cm.
490 1 _aTerminus ;
_v29
500 _aTyt. oryg.;"Topographie des Fremden, Studien zur Phënomenologie des Fremden", 1997.
504 _aBibliogr.
600 1 9 _aWaldenfels, Bernhard (1934-)
_xtwórczość
650 9 _aFenomenologia
_xhistoria
_zNiemcy
_y20 w.
650 9 _aFenomenologia
_xhistoria
_zNiemcy
_y20 w.
830 _aTerminus ;
020 _a838816452X
040 _cBPK
041 1 _apl
_hde
080 _a165(430)"19"A/Z
920 _a83-88164-52-X
942 _cKS
008 s pl f |000 0 pol
999 _c41872
_d41872
856 _uhttp://koha.tu.koszalin.pl/cgi-bin/koha/opac-detail.pl?biblionumber=41872
_yKatalog online BPK